<?xml version="1.0" encoding="UTF-8"?>
<marc:record xmlns:marc="http://www.loc.gov/MARC21/slim">
   <marc:leader>00000nam a2200000 a 4500</marc:leader>
   <marc:datafield ind1="1" ind2=" " tag="100">
      <marc:subfield code="a">Mann, Miriam</marc:subfield>
      <marc:subfield code="4">aut</marc:subfield>
      <marc:subfield code="e">Verfasser/-in</marc:subfield>
   </marc:datafield>
   <marc:datafield ind1="0" ind2="0" tag="245">
      <marc:subfield code="a">Karottenklau im Pferdestall</marc:subfield>
   </marc:datafield>
   <marc:datafield ind1="0" ind2="0" tag="245">
      <marc:subfield code="b">ein Bauernhofkrimi zum Mitraten</marc:subfield>
   </marc:datafield>
   <marc:datafield ind1="0" ind2="0" tag="245">
      <marc:subfield code="c">Mann, Miriam</marc:subfield>
   </marc:datafield>
   <marc:datafield ind1=" " ind2="1" tag="264">
      <marc:subfield code="a">Köln</marc:subfield>
      <marc:subfield code="b">Baumhaus</marc:subfield>
      <marc:subfield code="c">2024</marc:subfield>
   </marc:datafield>
   <marc:datafield ind1="1" ind2=" " tag="520">
      <marc:subfield code="a">Aufregung auf dem Bauernhof! Eines schönen Morgens sind alle Leckerlis verschwunden. Lilli, die auf wundersame Weise mit den Tieren sprechen kann, staunt nicht schlecht, als sie die fehlenden Eimer bemerkt. Ob Opa die Karotten, Äpfel und Mehlwürmer einfach nur vergessen hat? Oder geht vielleicht ein Dieb um? Die Bauernhoftiere sind ziemlich geknickt. Pferd Locke ist untröstlich, dass er auf seine Vitamine verzichten muss, und die Hühner schnattern aufgebracht durcheinander, sodass Lilli kein Wort versteht. Sie verspricht, der Sache auf den Grund zu gehen, und findet dabei nicht nur einen neuen tierischen Freund, sondern auch eine heiße Spur ...</marc:subfield>
   </marc:datafield>
   <marc:datafield ind1=" " ind2=" " tag="020">
      <marc:subfield code="a">9783833908668</marc:subfield>
      <marc:subfield code="9">9783833908668</marc:subfield>
   </marc:datafield>
   <marc:datafield ind1=" " ind2=" " tag="020">
      <marc:subfield code="a">3833908661</marc:subfield>
      <marc:subfield code="9">3833908661</marc:subfield>
   </marc:datafield>
   <marc:datafield ind1=" " ind2=" " tag="041">
      <marc:subfield code="a">ger</marc:subfield>
   </marc:datafield>
   <marc:datafield ind1=" " ind2=" " tag="300">
      <marc:subfield code="a">128 Seiten</marc:subfield>
   </marc:datafield>
</marc:record>
